000 00445nam a2200157 4500
001 110197
003 ES-MaACL
005 20230906185009.0
007 t|
008 061121s1940 sp r ||||1| spa d
100 1 _aMolero Massa, Luis.
_981859
245 1 0 _aEconomía política y legislación de Hacienda /
_cpor Luis Molero Massa.
260 _aMadrid :
_bReus,
_c1940.
300 _a591 p. ;
_c23 cm.
852 _aES-MaACL
_jA-5189
_bR.18231
999 _c110197
_d110197